|
|
|
|
| LEADER |
01675nam a2200349 i 4500 |
| 001 |
33210 |
| 003 |
BD-DhAAL |
| 005 |
20180630120232.0 |
| 008 |
180630t2016 paua b 001 0 eng |
| 999 |
|
|
|c 39349
|d 39349
|
| 010 |
|
|
|a 2015050766
|
| 020 |
|
|
|a 9781522500247 (hardcover)
|
| 020 |
|
|
|z 9781522500254 (ebook)
|
| 040 |
|
|
|a DLC
|b eng
|c DLC
|e rda
|d BD-DhAAL
|
| 042 |
|
|
|a pcc
|
| 050 |
0 |
0 |
|a LB2331.62
|b .H358 2016
|
| 082 |
0 |
0 |
|a 371.2
|2 23
|
| 245 |
0 |
0 |
|a Handbook of research on quality assurance and value management in higher education /
|c edited by Walter Nuninger and Jean-Marie Chatelet
|
| 260 |
|
|
|a Hershey, PA :
|b Information Science Reference,
|c c2016
|
| 300 |
|
|
|a xxxvi, 458 pages :
|b illustrations ;
|c 29 cm.
|
| 490 |
|
|
|a A volume in the advances in educational marketing, administration, and leadership (AEMAL) book series
|
| 504 |
|
|
|a Includes bibliographical references and index.
|
| 520 |
|
|
|a "This book is a reference source for the latest scholarly research on quality management and assurance programs and standards in college-level environments, highlighting global perspectives on academic and professional learning"--
|
| 526 |
|
|
|a IQAC
|
| 541 |
|
|
|a Karim International
|e 33210
|
| 650 |
|
0 |
|a Education, Higher
|x Evaluation.
|9 26379
|
| 650 |
|
0 |
|a Quality assurance.
|9 26380
|
| 700 |
1 |
|
|a Nuninger, Walter,
|d 1969-
|e editor.
|9 26381
|
| 700 |
1 |
|
|a Chatelet, Jean-Marie,
|d 1951-
|e editor.
|9 26382
|
| 852 |
|
|
|a Ayesha Abed Library
|c General Stacks
|
| 942 |
|
|
|2 ddc
|c BK
|
| 952 |
|
|
|0 0
|1 0
|2 ddc
|4 0
|6 371_200000000000000_HAN
|7 0
|9 63522
|a BRACUL
|b BRACUL
|c CIR
|d 2018-06-25
|e Karim International
|g 20900.00
|l 0
|o 371.2 HAN
|p 3010033210
|r 2018-06-25
|t 1
|v 20900.00
|w 2018-06-25
|y 1HOUR
|